000 00445nam a2200145Ia 4500
008 100204s9999 xx 000 0 und d
082 _b16905
100 _aमंगेशकर गीता /बांदोडकर
245 _aअजेय
260 _b"बांदोडकर पब्लिशिंग हाऊस, गोवा"
_c1993
300 _a357
630 _aअजेय
730 _aअजेय
942 _cBOOK
999 _c461328
_d461325